Guess the Star Wars Character from the Description - Statistics

General Stats
  • This quiz has been taken 10 times
  • The average score is 60 of 93
Answer Stats
Gender Species Status First Appearance Weapon Origin Affiliation Answer % Correct
Female Human Rebel A New Hope Blaster Alderaan Rebel AllianceNew Republic Resistance Princess Leia
100%
Male Human Imperial Governor A New Hope Death Star Eriadu Galactic Empire Grand Moff Tarkin
89%
Female Twi’lek Jedi Knight Attack of the Clones Blue Lightsaber Ryloth Jedi OrderGalactic Republic Aayla Secura
78%
Male Droid Supporting The Force Awakens Taser Unknown Resistence BB-8
78%
Female Human Farmer A New Hope Blaster Rifle Tattooine None Beru Lars
78%
Male Human Bounty Hunter The Empire Strikes Back Blaster Kamino Galactic EmpireCrime Syndicate Boba Fett
78%
Male Protocol Droid Supporting A New Hope None Tattooine Rebel Alliance, New RepublicResistence C3PO
78%
Male Wookiee Supporting A New Hope Crossbow Kashyyyk Rebel AllianceNew Republic Resistance Chewbacca
78%
Male Human Sith Lord Attack of the Clones Red Lightsaber Serenno Jedi OrderSith Order Count Dooku
78%
Male Dathomirian Zabrak Sith Apprentice The Phantom Menace Red Double-Bladed Lightsaber Dathomir Sith Order Shadow Collective Crimson Dawn Darth Maul
78%
Male Human Sith Lord The Empire Strikes Back Red LightsaberForce Lightning Naboo Sith Order Galactic RepublicGalactic Empire Darth Sidious
78%
Male Human Storm TrooperSupporting The Force Awakens BlasterBlue Lightsaber Unknown First OrderResistence Finn
78%
Male Kaleesh General The Clone Wars 2003 4 Blue/Green Lightsabers Kalee Separatists General Grievous
78%
Male Human Smuggler A New Hope Blaster Corellia Rebel Alliance New Republic Han Solo
78%
Male Hutt Crime Lord Return of the Jedi None Nal Hutta Hutt Cartel Jabba the Hutt
78%
Male Human Bounty Hunter Attack of the Clones Blaster Concord Dawn Galactic Republic Jango Fett
78%
Male Gungan SupportingSenator The Phantom Menace Electropole Naboo Gungan Grand Army Galactic Republic Jar Jar Binks
78%
Male Human Sith The Force Awakens Red Crossguard Lightsaber Chandrila First Order Knights of Ren Kylo Ren | Ben Solo
78%
Male Human Supporting The Empire Strikes Back Blaster Socorro Rebel AllianceNew Republic Resistance Lando Calrissian
78%
Male Human Jedi A New Hope Green LightsaberBlue Lightsaber Tattooine Rebel AllianceNew Republic Luke Skywalker
78%
Male Human Jedi Master The Phantom Menace Purple Lightsaber Haruun Kal Jedi Order Galactic Republic Mace Windu
78%
Male Neimoidian ViceroySeparatist Leader The Phantom Menace N/A Cato Neimoidia Separatists Nute Gunray
78%
Male Human Jedi Master A New Hope Blue Lightsaber Stewjon Jedi Order Obi-Wan Kenobi
78%
Male Human Farmer A New Hope Blaster Rifle Tattooine None Owen Lars
78%
Female Human Senator The Phantom Menace Blaster Naboo Naboo Royal Government Galactic Republic Padmé Amidala
78%
Male Astromech Droid Supporting A New Hope Shock Prod Naboo Rebel AllianceNew Republic R2-D2
78%
Female Human Jedi PadawanJedi Knight The Force Awakens Blue/Yellow Lightsaber Jakku ResistenceJedi Order Rey
78%
Female Human Slave The Phantom Menace N/A Tattooine None Shmi
78%
Male Unknown Jedi Grand Master The Empire Strikes Back Green Lightsaber Unknown Jedi Order Yoda
78%
Male Mon Calamari Admiral Return of the Jedi N/A Mon Cala Rebel Alliance New Republic Admiral Ackbar
67%
Female Togruta Jedi Padawan The Clone Wars Dual Blue Lightsabers Shili Jedi OrderNew Republic Ahsoka
67%
Male Human Jedi The Phantom Menace Blue Lightsaber Tattooine Jedi Order Anakin Skywalker
67%
Female Dathomirian AssassinBounty Hunter The Clone Wars 2003 Dual Red LightsabersYellow/White Lightsabers Dathomir SeparatistsNightsisters Asajj Ventress
67%
Male Human SenatorRebel Leader Attack of the Clones Blaster Alderaan Galactic RepublicRebel Alliance Bail Organa
67%
Male Twi’lek Crime Lietenant Return of the Jedi Blaster Ryloth Hutt Cartel Bib Fortuna
67%
Male Clone Captain The Clone Wars Dual Blasters Kamino Galactic RepublicRebel Alliance Captain Rex
67%
Male Human Jedi KnightSith Lord Knights of the Old Republic Purple/Blue/Red Lightsaber Unknown Jedi Order Sith Empire Old Republic Darth Revan
67%
Male Human Sith Lord A New Hope Red Lightsaber Tattooine Jedi OrderSith Order Galactic Empire Darth Vader
67%
Male Rodian Bounty Hunter A New Hope Blaster Rodia None Greedo
67%
Male Unknown Jedi Youngling The Mandalorian The Force Unknown Jedi OrderMandalorians Grogu
67%
Female Twi’lek PilotRebel Rebels Blaster Ryloth Rebel AllianceNew Republic Hera
67%
Male Human Jedi Rebels Blue Lightsaber Coruscant Jedi OrderRebel Alliance Kanan
67%
Male Cerean Jedi Master The Phantom Menace Blue Lightsaber Cerea Jedi OrderGalactic Republic Ki-Adi-Mundi
67%
Male Nautolan Jedi Master Attack of the Clones Green Lightsaber Glee Ansel Jedi Order Kit Fisto
67%
Female Human Rebel LeaderChancellor Return of the Jedi N/A Chandrila Rebel AllianceNew Republic Mon Mothma
67%
Male Human Jedi Master Phantom Menace Green Lightsaber Coruscant Jedi Order Qui-Gon Jin
67%
Male Dathomirian Zabrak Sith Assassin The Clone Wars Double-Bladed Red Lightsaber Dathomir Nightsisters Savage Oppress
67%
Male Dug Podracer The Phantom Menace N/A Malastare None Sebulba
67%
Male Strandcast Supreme Leader The Force Awakens The Force Unknown First Order Snoke
67%
Male Human Mandalorian The Mandalorian RifleBlaster Darksaber Aq Vetina Mandalorians The Mandalorian |Din Djarin
67%
Female Palliduvan Bounty Hunter The Phantom Menace Sniper RifleBlasters Nar Shaddaa Galactic RepublicSeparatists Aurra Sing
56%
Female Mirialan Fallen Jedi Padawan Attack of the Clones Blue Lightsaber Mirial Jedi OrderGalactic Republic Barriss Offee
56%
Female Human Mandalorian The Clone Wars Dual BlastersDarksaber Mandalore Mandalorians Bo-Katan
56%
Male Trandoshan Bounty Hunter The Empire Strikes Back Mortar Gun Dathomir Galactic Empire Bossk
56%
Male Duros Bounty Hunter The Clone Wars Dual Blasters Duro Galactic RepublicSeparatists Cad Bane
56%
Male Human Jedi PadawanJedi Knight Jedi: Fallen Order Blue Lightsaber Coruscant Jedi Order Cal Kestis
56%
Female Human Stormtrooper Captain The Force Awakens Blaster Rifle Parnassos First Order Captain Phasma
56%
Female Human Supporting The Mandalorian Heavy Blaster Alderaan Rebel AllianceNew Republic Cara Dune
56%
Male Human Spy Rogue One Blaster Kenari Rebel Alliance Cassian Andor
56%
Male Droid Supporting Rebels Shock Prod Ryloth Rebel AllianceNew Republic Chopper
56%
Male Clone CommanderImperial Officer Revenge of the Sith Blaster Rifle Kamino Galactic RepublicGalactic Empire Commander Cody
56%
Male Clone Clone CommandoImperial Operative The Clone Wars Sniper Rifle Kamino Bad BatchGalactic Republic Crosshair
56%
Male Human Bounty Hunter The Empire Strikes Back Heavy Blaster Corellia Galactic Empire Dengar
56%
Male Besalisk Diner Owner Attack of the Clones None Ojom None Dexter Jettster
56%
Male Clone Clone Trooper ARC Trooper The Clone Wars Blaster RifleCybernetic Arm Kamino Galactic RepublicBad Batch Echo
56%
Male Human Jedi PadawanJedi Knight Rebels Blue LightsaberBlaster-Saber Lothal Rebel AllianceJedi Order Ezra Bridger
56%
Male Chiss Grand Admiral Rebels N/A Csilla Galactic Empire Chiss Ascendancy Grand Admiral Thrawn
56%
Male Clone Clone CommandoSquad Leader The Clone Wars Blaster RifleVibroknife Kamino Bad BatchGalactic Republic Hunter
56%
Male Assassin Droid Bounty Hunter The Empire Strikes Back Blasters Holowan Laboratories Galactic Empire IG-88
56%
Female Human Jedi MasterLibrarian Attack of the Clones Blue Lightsaber Coruscant Jedi OrderGalactic Republic Jocasta Nu
56%
Male Security Droid Supporting Rogue One Blaster Rifle Arakyd Industries Galactic EmpireRebel Alliance K-2SO
56%
Male Cybernetically Enhanced Human Supporting The Empire Strikes Back N/A Bespin Rebel Alliance Lobot
56%
Female Mirialan Jedi Master Attack of the Clones Green Lightsaber Mirial Jedi OrderGalactic Republic Luminara Unduli
56%
Male Human Ace Pilot The Force Awakens Blaster Yavin 4 Resistence Poe Dameron
56%
Male Human Mandalorian The Clone Wars Darksaber Mandalore Death Watch Pre Vizsla
56%
Male Kiffar Jedi Master The Phantom Menace Green Lightsaber Kiffu Jedi OrderGalactic Republic Quinlan Vos
56%
Female Human MandalorianRebel Rebels BlastersDarksaber
Explosives
Mandalore Rebel AllianceMandalorians Sabine Wren
56%
Male Human Rebel Extremist The Clone Wars Blaster Rifle Onderon Rebel Alliance Saw Gerrera
56%
Female Togruta Jedi Master Attack of the Clones Blue Lightsaber Shili Jedi OrderGalactic Republic Shaak Ti
56%
Male Clone Clone Commando The Clone Wars Blaster Rifle Kamino Bad BatchGalactic Republic Tech
56%
Male Toydarian Merchant The Phantom Menace None Toydaria None Watto
56%
Male Human Ace Pilot A New Hope X-Wing Corellia Rebel AllianceNew Republic Wedge Antilles
56%
Male Clone Clone Commando The Clone Wars Heavy Blaster Canon Kamino Bad BatchGalactic Republic Wrecker
56%
Female Unknown Jedi Master The Phantom Menace Green Lightsaber Unknown Jedi OrderGalactic Republic Yaddle
56%
Male Lasat Rebel Rebels Bo-Rifle Lasat Rebel AllianceNew Republic Zeb
56%
Male Vurk Jedi Master Attack of the Clones Green Lightsaber Sembla Jedi OrderGalactic Republic Coleman Trebor
44%
Male Clone Clone Commander The Clone Wars Blasters Kamino Galactic RepublicRebel Alliance Commander Wolffe
44%
Male Muun Sith Lord The Acolyte Red Lightsaber Muunilinst Sith Order Darth Plagueis
44%
Male Lannik Jedi Master The Phantom Menace Blue Lightsaber Lannik Jedi OrderGalactic Republic Even Piell
44%
Male Kel Dor Jedi Master The Phantom Menace Blue Lightsaber Dorin Jedi OrderGalactic Republic Plo Koon
44%
Male Iktotchi Jedi Master The Phantom Menace Blue Lightsaber Iktotch Jedi OrderGalactic Republic Saesee Tiin
44%
Male Human Sith Apprentice The Force Unleashed Dual Wield Red/Blue Lightsabers Kashyyyk Galactic EmpireRebel Alliance Starkiller
44%
Male Clone Commander The Clone Wars Blaster Rifle Blaster Pistols Kamino Galactic Republic Commander Fox
33%
No matching quizzes found
Score Distribution
Percent of People with Each Score
Percentile by Number Answered
Your Score History
You have not taken this quiz